Xây dựng phần mềm Mathcard thiết kế kỹ thuật cống đồng bằng (phần thủy lực) : Đề tài Khoa học Công nghệ cấp trường
Nội dung đề tài giới thiệu cơ sở tính và phương pháp tính, giới thiệu liên kết trong ebook, ứng dụng Mathcad tính toán thuỷ lực.
Na minha lista:
| Autor principal: | |
|---|---|
| Formato: | Livro |
| Idioma: | Undetermined |
| Publicado em: |
Cần Thơ
Trường Đại học Cần Thơ
2005
|
| Assuntos: | |
| Tags: |
Adicionar Tag
Sem tags, seja o primeiro a adicionar uma tag!
|
| Thư viện lưu trữ: | Trung tâm Học liệu Trường Đại học Cần Thơ |
|---|
| LEADER | 01077nam a2200217Ia 4500 | ||
|---|---|---|---|
| 001 | CTU_205186 | ||
| 008 | 210402s9999 xx 000 0 und d | ||
| 082 | |a 627.0285 | ||
| 082 | |b H556 | ||
| 100 | |a Trần, Văn Hừng | ||
| 245 | 0 | |a Xây dựng phần mềm Mathcard thiết kế kỹ thuật cống đồng bằng (phần thủy lực) : | |
| 245 | 0 | |b Đề tài Khoa học Công nghệ cấp trường | |
| 245 | 0 | |c Trần Văn Hừng (chủ nhiệm đề tài) | |
| 260 | |a Cần Thơ | ||
| 260 | |b Trường Đại học Cần Thơ | ||
| 260 | |c 2005 | ||
| 520 | |a Nội dung đề tài giới thiệu cơ sở tính và phương pháp tính, giới thiệu liên kết trong ebook, ứng dụng Mathcad tính toán thuỷ lực. | ||
| 650 | |a Hdraulic engineering,Bridges,Kỹ nghệ thuỷ lực,Cầu cống | ||
| 650 | |x Design and construction,Kết cấu và thiết kế | ||
| 904 | |i Qhieu | ||
| 980 | |a Trung tâm Học liệu Trường Đại học Cần Thơ | ||